[Event "SCG-chT 48th"]
[Site "Herceg Novi"]
[Date "2005.05.19"]
[Round "5"]
[White "Nikac, Predrag"]
[Black "Marjanov, Zika"]
[Result "1-0"]
[WhiteElo "2361"]
[BlackElo "2235"]
[PlyCount "87"]
[EventDate "2005.05.15"]
[EventType "team"]
[EventRounds "7"]
[EventCountry "YUG"]
[SourceTitle "CBM 106 Extra"]
[Source "ChessBase"]
[SourceDate "2005.07.01"]
[SourceVersion "1"]
[SourceVersionDate "2005.07.01"]
[SourceQuality "1"]

1. e4 c5 2. Nf3 d6 3. d4 cxd4 4. Nxd4 Nf6 5. Nc3 Nc6 6. Bc4 e6 7. Bb3 Be7 8. 0-0 0-0 9. Be3 Na5 10. f4 Nxb3 11. axb3 Bd7 12. e5 dxe5 13. fxe5 Nd5 14. Nxd5 exd5 15. Qh5 Qc8 16. Rf4 a5 17. Raf1 Qe8 18. Nf5 Ra6 19. e6 Rxe6 20. Bd4 Rg6 21. Re1 Bxf5 22. Rxf5 Re6 23. Ref1 Rh6 24. Qg4 Rg6 25. Qf3 Rc6 26. Re1 Re6 27. Rf1 Rc6 28. Rxd5 Bf6 29. Bxf6 Rxf6 30. Rf5 Rxf5 31. Qxf5 Qc6 32. h4 a4 33. bxa4 Qb6+ 34. Kh1 Qxb2 35. h5 Qb4 36. Rf4 Qe1+ 37. Kh2 h6 38. Re4 Qd2 39. Qe5 f5 40. Rf4 Qxc2 41. Qd5+ Rf7 42. Rc4 Qe2 43. Rc8+ Kh7 44. Qxf7 1-0

[Event "SCG-chT 48th"]
[Site "Herceg Novi"]
[Date "2005.05.16"]
[Round "2"]
[White "Marjanov, Zika"]
[Black "Popadic, Dragan"]
[Result "0-1"]
[WhiteElo "2235"]
[BlackElo "2274"]
[PlyCount "80"]
[EventDate "2005.05.15"]
[EventType "team"]
[EventRounds "7"]
[EventCountry "YUG"]
[SourceTitle "CBM 106 Extra"]
[Source "ChessBase"]
[SourceDate "2005.07.01"]
[SourceVersion "1"]
[SourceVersionDate "2005.07.01"]
[SourceQuality "1"]

1. Nf3 Nf6 2. d4 g6 3. c4 Bg7 4. Nc3 d6 5. e4 0-0 6. h3 e5 7. dxe5 dxe5 8. Bg5 c6 9. Qc2 Qc7 10. Be2 Nbd7 11. 0-0 Nc5 12. Rad1 Ne6 13. Be3 Nh5 14. g3 Nd4 15. Nxd4 exd4 16. Bxh5 dxe3 17. Bg4 exf2+ 18. Qxf2 Bxg4 19. hxg4 Rad8 20. Kg2 b6 21. Qf3 Qe7 22. Rxd8 Rxd8 23. Rd1 Rd7 24. Rxd7 Qxd7 25. Qd1 Qe6 26. Qd8+ Bf8 27. Qb8 Qxc4 28. Qxa7 b5 29. a3 Bd6 30. Qe3 Bc5 31. Qe2 Qd4 32. e5 Qg1+ 33. Kf3 Qh1+ 34. Kf4 Qc1+ 35. Kf3 Qg5 36. Qe4 Qd2 37. Qe2 Qd4 38. g5 Kg7 39. Qe4 Qd7 40. Qg4 Qd3+ 0-1

[Event "YUG-Cup 34th"]
[Site "Pula"]
[Date "1991.05.17"]
[Round "4"]
[White "Marjanov, Zika"]
[Black "Vlahovic, Svetozar"]
[Result "0-1"]
[WhiteElo "2260"]
[BlackElo "2290"]
[PlyCount "96"]
[EventDate "1991.??.??"]
[EventType "team"]
[EventRounds "5"]
[EventCountry "YUG"]
[SourceTitle "TD"]
[Source "ChessBase"]
[SourceDate "1994.03.01"]
[SourceVersion "1"]
[SourceVersionDate "1994.03.01"]
[SourceQuality "1"]
[WhiteTeam "Kurjacki"]
[BlackTeam "Pristina"]
[WhiteTeamCountry "YUG"]
[BlackTeamCountry "YUG"]

1. d4 Nf6 2. Nf3 g6 3. c4 Bg7 4. Nc3 d5 5. cxd5 Nxd5 6. e4 Nxc3 7. bxc3 c5 8. Bb5+ Bd7 9. Bxd7+ Nxd7 10. 0-0 0-0 11. Be3 Qa5 12. Qb3 b6 13. e5 e6 14. Ng5 Rac8 15. Ne4 c4 16. Qb2 Qd5 17. Nd6 Rc6 18. Qd2 f6 19. f4 Rb8 20. Qc2 a6 21. Ne4 f5 22. Ng5 b5 23. h4 h6 24. Nh3 Nb6 25. h5 gxh5 26. Qe2 Qd8 27. Qxh5 Qe8 28. Qe2 Nd5 29. Bd2 b4 30. cxb4 c3 31. Bc1 Rxb4 32. Qd3 Rcc4 33. Be3 Qc6 34. Rac1 Rb2 35. Rf2 Nb4 36. Qf1 c2 37. d5 Nxd5 38. Bd2 Rxa2 39. Qd3 Qa4 40. Rf3 Rd4 41. Qe2 Ra1 42. Rff1 Ra3 43. Kh2 Rad3 44. Ra1 Qb5 45. Qh5 Rxh3+ 46. Qxh3 Rxd2 47. Qf3 Kh7 48. Rfc1 Nxf4 0-1

[Event "YUG-ch"]
[Site "Banja Vrucica"]
[Date "1991.??.??"]
[Round "?"]
[White "Marjanov, Zika"]
[Black "Knezevic, Bojan"]
[Result "1/2-1/2"]
[WhiteElo "2260"]
[BlackElo "2370"]
[PlyCount "95"]
[EventDate "1991.12.??"]
[EventType "swiss"]
[EventRounds "13"]
[EventCountry "YUG"]
[SourceTitle "EXT 1997"]
[Source "ChessBase"]
[SourceDate "1996.11.15"]
[SourceVersion "1"]
[SourceVersionDate "1996.11.15"]
[SourceQuality "1"]

1. e4 c5 2. Nf3 Nc6 3. d4 cxd4 4. Nxd4 Qb6 5. Nb3 Nf6 6. Nc3 e6 7. Be3 Qc7 8. a3 a6 9. f4 d6 10. Be2 Be7 11. 0-0 0-0 12. Bf3 b5 13. Qd2 Rb8 14. g4 Re8 15. Qg2 Bb7 16. g5 Nd7 17. h4 b4 18. axb4 Nxb4 19. h5 g6 20. Rf2 Bf8 21. hxg6 hxg6 22. Bd4 e5 23. Be3 exf4 24. Bxf4 Ne5 25. Raf1 Bg7 26. Bd1 Re7 27. Qg3 Rd8 28. Nd2 a5 29. Be3 Ba6 30. Be2 Bxe2 31. Rxe2 Ra8 32. Ref2 a4 33. Ndb1 Qc6 34. Rf6 Ra5 35. Na3 Rd7 36. Bd4 Bxf6 37. gxf6 Nc4 38. Rf5 Rxf5 39. exf5 Ne5 40. Bxe5 dxe5 41. Qxe5 Rd8 42. fxg6 Re8 43. gxf7+ Kxf7 44. Qh5+ Kxf6 45. Qh6+ Kf5 46. Qh5+ Kf6 47. Qh6+ Kf5 48. Qh5+ 1/2-1/2

[Event "YUG-ch"]
[Site "Banja Vrucica"]
[Date "1991.??.??"]
[Round "?"]
[White "Velickovic, Sasa"]
[Black "Marjanov, Zika"]
[Result "1/2-1/2"]
[WhiteElo "2410"]
[BlackElo "2260"]
[PlyCount "73"]
[EventDate "1991.12.??"]
[EventType "swiss"]
[EventRounds "13"]
[EventCountry "YUG"]
[SourceTitle "EXT 1997"]
[Source "ChessBase"]
[SourceDate "1996.11.15"]
[SourceVersion "1"]
[SourceVersionDate "1996.11.15"]
[SourceQuality "1"]

1. e4 c5 2. Nf3 Nc6 3. c3 g6 4. d4 cxd4 5. cxd4 Bg7 6. Nc3 d6 7. h3 Nf6 8. Bg5 0-0 9. Qd2 Re8 10. d5 Ne5 11. Be2 Nxf3+ 12. Bxf3 a6 13. 0-0 Nd7 14. Be2 Nc5 15. Bh6 Bh8 16. b4 Nd7 17. Be3 b6 18. Bd4 Bxd4 19. Qxd4 a5 20. a3 Bb7 21. Rac1 Rf8 22. Rc2 Ba6 23. Bxa6 Rxa6 24. Rfc1 axb4 25. axb4 b5 26. Nxb5 Qb6 27. Qxb6 Rxb6 28. Na7 Rxb4 29. Rc7 Nc5 30. f3 Rb2 31. Nc6 Ra8 32. Nxe7+ Kg7 33. Nc8 Raa2 34. Nxd6 Rxg2+ 35. Kh1 Rh2+ 36. Kg1 Rag2+ 37. Kf1 1/2-1/2

[Event "Pancevo"]
[Site "Pancevo"]
[Date "1989.??.??"]
[Round "1"]
[White "Grigorov, Jordan N"]
[Black "Marjanov, Zika"]
[Result "1-0"]
[WhiteElo "2360"]
[BlackElo "2265"]
[PlyCount "80"]
[EventDate "1989.??.??"]
[EventType "tourn"]
[EventRounds "13"]
[EventCountry "YUG"]
[EventCategory "5"]
[SourceTitle "EXT 1997"]
[Source "ChessBase"]
[SourceDate "1996.11.15"]
[SourceVersion "1"]
[SourceVersionDate "1996.11.15"]
[SourceQuality "1"]

1. e4 d6 2. d4 Nf6 3. Nc3 g6 4. g3 Bg7 5. Bg2 0-0 6. Nge2 c6 7. a4 e5 8. h3 b6 9. 0-0 Nbd7 10. Be3 c5 11. dxe5 dxe5 12. Qd2 Bb7 13. Rfd1 Re8 14. Nb5 Bc6 15. Nec3 a6 16. Nd6 Re6 17. Bg5 Bf8 18. Nc4 b5 19. Ne3 Rd6 20. Ned5 b4 21. Nxf6+ Nxf6 22. Nd5 Bxd5 23. exd5 Be7 24. c3 a5 25. cxb4 axb4 26. Be3 Rc8 27. Rac1 e4 28. Bxc5 Rxd5 29. Bxe7 Rxc1 30. Rxc1 Qxe7 31. Qh6 Qd7 32. b3 Rd1+ 33. Bf1 Rxc1 34. Qxc1 Qd4 35. a5 Qa7 36. a6 Nd5 37. Qc8+ Kg7 38. Qb7 Qd4 39. a7 Nb6 40. Qxb6 Kh8 1-0

[Event "Pancevo"]
[Site "Pancevo"]
[Date "1989.??.??"]
[Round "4"]
[White "Kovacevic, Predrag"]
[Black "Marjanov, Zika"]
[Result "1/2-1/2"]
[WhiteElo "2405"]
[BlackElo "2265"]
[PlyCount "27"]
[EventDate "1989.??.??"]
[EventType "tourn"]
[EventRounds "13"]
[EventCountry "YUG"]
[EventCategory "5"]
[SourceTitle "EXT 1997"]
[Source "ChessBase"]
[SourceDate "1996.11.15"]
[SourceVersion "1"]
[SourceVersionDate "1996.11.15"]
[SourceQuality "1"]

1. e4 c5 2. Nc3 g6 3. g3 Bg7 4. Bg2 d6 5. d3 Nc6 6. f4 e6 7. Nf3 Nge7 8. 0-0 0-0 9. Be3 b6 10. Qd2 Bb7 11. Rae1 d5 12. exd5 exd5 13. Bf2 d4 14. Ne4 1/2-1/2

[Event "Pancevo"]
[Site "Pancevo"]
[Date "1989.??.??"]
[Round "11"]
[White "Marjanov, Zika"]
[Black "Paunovic, Dragan"]
[Result "0-1"]
[WhiteElo "2265"]
[BlackElo "2460"]
[PlyCount "80"]
[EventDate "1989.??.??"]
[EventType "tourn"]
[EventRounds "13"]
[EventCountry "YUG"]
[EventCategory "5"]
[SourceTitle "EXT 1997"]
[Source "ChessBase"]
[SourceDate "1996.11.15"]
[SourceVersion "1"]
[SourceVersionDate "1996.11.15"]
[SourceQuality "1"]

1. Nf3 Nf6 2. d4 g6 3. c4 Bg7 4. Nc3 0-0 5. e4 d6 6. Be2 e5 7. dxe5 dxe5 8. Bg5 c6 9. 0-0 h6 10. Qxd8 Rxd8 11. Rfd1 Re8 12. Bh4 Na6 13. Rd6 Nh5 14. Rad1 Nf4 15. Bg3 Nxe2+ 16. Nxe2 Bg4 17. h3 Bxf3 18. gxf3 g5 19. Bh2 Nc5 20. Ng3 Bf8 21. R6d2 f6 22. Nf5 a5 23. Kf1 Kf7 24. Ke2 Kg6 25. h4 a4 26. Rh1 Rad8 27. h5+ Kf7 28. Ne3 Ne6 29. Nf5 Rxd2+ 30. Kxd2 Nd4 31. Nxd4 Rd8 32. Ke2 Rxd4 33. Rc1 Bb4 34. Rc2 Ke7 35. f4 exf4 36. f3 Rd7 37. Bg1 Ke6 38. Ba7 f5 39. exf5+ Kxf5 40. a3 Bf8 0-1